Sri Lanka : (Record no. 224)
[ view plain ]
| 000 -LEADER | |
|---|---|
| fixed length control field | 00627cam a2200217 a 4500 |
| 001 - CONTROL NUMBER | |
| control field | 588762 |
| 005 - DATE AND TIME OF LATEST TRANSACTION | |
| control field | 20240130014921.0 |
| 008 - FIXED-LENGTH DATA ELEMENTS--GENERAL INFORMATION | |
| fixed length control field | 900706s1989 ii a b 001 0 eng d |
| 020 ## - INTERNATIONAL STANDARD BOOK NUMBER | |
| ISBN | 0140109382 |
| 040 ## - CATALOGING SOURCE (பட்டியலாக்க மூலம்) | |
| Original cataloging agency | PU |
| Transcribing agency | DLC |
| Modifying agency | DLC |
| 082 ## - DDC Classification | |
| DDC Edition Number | 22 |
| Class No. | 305.8. |
| Item Number - Author Mark | SRI. |
| 100 0# - MAIN ENTRY--PERSONAL NAME | |
| Personal name | Mohan Ram, |
| 245 10 - TITLE STATEMENT | |
| Title | Sri Lanka : |
| Remainder of title | the fractured island / |
| Statement of responsibility, etc. | Mohan Ram. |
| 260 ## - PUBLICATION, DISTRIBUTION, ETC. | |
| Place of publication, distribution, etc. | New Delhi, India ; |
| -- | New York, N.Y., U.S.A. : |
| Name of publisher, distributor, etc. | Penguin Books, |
| Date of publication, distribution, etc. | 1989. |
| 300 ## - PHYSICAL DESCRIPTION | |
| Extent (e.g. Volumes, Pages etc.) | 158 p. : |
| 500 ## - GENERAL NOTE | |
| General note | "A Penguin original"--P. 4 of cover. |
| 500 ## - GENERAL NOTE | |
| General note | Includes index. |
| 650 #0 - SUBJECT ADDED ENTRY--TOPICAL TERM | |
| Topical term or geographic name entry element | Tamil (Indic people) |
| 650 #0 - SUBJECT ADDED ENTRY--TOPICAL TERM | |
| Topical term or geographic name entry element | Sinhalese (Sri Lankan people) |
| 942 ## - Koha item type (Biblio) | |
| Koha item type | Books in Stacks (Lending) |
| Lost status | Damaged status | Collection code | Home library | Current library | Date acquired | Full call number | Accession Number | Item type |
|---|---|---|---|---|---|---|---|---|
| Lending | WERC Library | WERC Library | 01/30/2024 | 305.8. SRI. | 527 | Books in Stacks (Lending) |
